[Event "Leiden LCT op-A 5th"]
[Site "Leiden"]
[Date "2011.07.17"]
[Round "9"]
[White "Tiviakov, Sergei"]
[Black "Nikolic, Predrag"]
[Result "1-0"]
[WhiteElo "2623"]
[BlackElo "2629"]
[Annotator "Tiviakov,S"]
[PlyCount "107"]
[EventDate "2011.07.08"]
[EventType "swiss"]
[EventRounds "9"]
[EventCountry "NED"]
[SourceTitle "CBM 143 Extra"]
[Source "ChessBase"]
[SourceDate "2011.08.29"]
[SourceVersion "1"]
[SourceVersionDate "2011.08.29"]
[SourceQuality "1"]

{This game from the 5th Leiden chess tournament was played in the last round.
Before it I was trailing half a point behind the leader and needed only to win
in this game in order to win the tournament as well. Luckily for me I was
paired with White (both of us played White in the 8th round) and was feeling
optimistic going into the final round since 1 day before I had convincingly
won with White against another strong player in the tournament - David Howell.
For me it was clear that I was in good form going into the last round, not
tired, but playing good quality chess...} 1. e4 e5 2. Nf3 Nc6 3. Bb5 a6 4. Ba4
Nf6 5. Qe2 {Despite playing other lines and openings: Italian Game and and 5.
d3 in the Ruy Lopez, the system with 5.Qe2 remains one of my main weapons
against 1...e5. I like to play it, especially against the players who don't
develop the bishop to c5. I believe that with the bishop on e7 White has more
chances to get an opening advantage.} b5 6. Bb3 Be7 7. c3 O-O (7... d5 {
is an option, but then Black must be ready to play without the pawn similar to
the Marshall Attack.}) 8. d4 {My favourite line, I have had the position on
the board took place in 9 of my games, 7 of which were won by the author, the
other 2 were draws. So I was rather happy that I was able to get this position
in the decisive game of the tournament.} d6 ({After} 8... exd4 9. e5 {Black is
put under lot of pressure as my tournament practice demonstrates.}) 9. Nbd2 Re8
({An interesting move.} 9... exd4) (9... Bg4) (9... Bb7 {were played against
me as well. Recently I won a nice game against Gavrilov (Eforie Nord 2011)
with the help of the double rook sacrifice.}) 10. Ng5 $5 ({The principal move,
although not necessarily the strongest one. Other possible moves are:} 10. dxe5
) (10. a4) (10. O-O {. The idea of the move 10.Ng5 lies in the fact that the
f7-pawn has been weakened. And if the rook returns to f8 then White can
exchange the pawns on e5 relieving the pressure in the centre. When the centre
is stable it is easier for White to play on the kingside. I used the same
method in the games against Leko - Cacak 1996 (I had got a completely winning
position) and Svidler - Pinsk 1989 (I won that game easily).}) 10... Rf8 ({
It took a lot of time for me to make the move 10.Ng5 since I had to calculate
the consequences of the complications arising after} 10... d5 $5 11. exd5 {
Or it is Black who sacrifices the pawn with compensation or White who
sacrifices the knight for attack.} Na5 ({after} 11... Nxd5 {White is forced to
sacrifice the knight} 12. Nxf7 Kxf7 13. Qf3+ Ke6 14. O-O $44 {with an attack.}
(14. Qh3+ Kf7 15. Qf3+ Ke6 $11 {is a draw.})) 12. dxe5 (12. d6 Nxb3 13. dxe7
Rxe7 $17) 12... Nxb3 13. Nxb3 Nxd5 14. Nf3 Bd6 15. O-O Bg4 $44 {with an
unclear position} (15... f6 16. Rd1 Bxe5 17. Nxe5 Rxe5 18. Qf3 $14)) 11. dxe5
$146 ({A new move.} 11. Ngf3 {was played here before.}) 11... dxe5 ({Black has
to take with the pawn since} 11... Nxe5 12. f4 $36 {gives White a strong
initiative.}) 12. Nf1 ({I like to keep the king in the centrw in both the
Italian Game and the Ruy Lopez for as long as possible, but here} 12. O-O $5 {
followed by Rd1, Nf1-e3 or Nf1-g3, deserved serious attention. After the text
move Black gets the possibility to exploit the weakness of the f2-pawn.}) 12...
Na5 13. Bc2 Nc4 ({During the game both Nikolic and I missed an interesting move
} 13... Ng4 $5 {almost forcing White to play} 14. Nh3 (14. Nf3 Bc5 15. Ne3 Nxe3
16. Bxe3 Bxe3 17. Qxe3 Nc4 18. Qc1 Bg4 19. Nd2 Nd6 $11 {is very equal, playing
for a win for White is completely excluded here.}) 14... Nf6 {(with a threat
to take on h3 by Bh3)} 15. Ne3 Qd6 (15... Bxh3 16. gxh3 $36) 16. Ng5 {with
complex play.} ({or} 16. Qf3)) 14. Ng3 ({Here} 14. Nf3 $5 {followed by Ng3,
deserved attention, making it impossible for Black to force the complications
arising after 14.Ng3 Bg4.}) 14... Bg4 $5 15. f3 (15. Nf3 Nh5 $11 {promises
nothing for White.}) 15... Bd7 16. b3 Nd6 ({It is better to put the knight
closer to the centre although Fritz advocates putting the knight on a3.} 16...
Na3 17. Bd3 h6 18. Nh3 {פa3}) (16... Nb6 17. f4 $36) 17. f4 $1 {White has to
play energetic chess otherwise he can end in a worse position.} exf4 ({White
is better after other black answers as well. If he plays f4-f5 at some point
then it will be easier for him to develop the attack on the kingside. For
example,} 17... Ng4 18. Nf3 Bf6 19. f5 $36) (17... Bg4 18. Nf3 Nd7 19. O-O (19.
f5)) 18. Bxf4 Nd5 ({Eliminating the material but not solving his problems.} 
18... Bg4 19. Nf3 $14 {could be even worse!}) 19. exd5 Bxg5 20. O-O $14 {
Now we can say that the opening phase of the game is over. White is slightly
better due to the central pawn d5 which can be supported by the advance
c3-c4-c5. The knight on d6 looks strong, controlling key squares e4 and f5,
but it is vulnerable. Black has to be extremely careful in order not to find
himself in a difficult position. One wrong move and Black can lose. This is
what happened to my opponent - several moves later he was already in trouble
without making any visible mistake.} g6 ({This move is not as bad as I thought
during and immediately after the game. After} 20... Bxf4 21. Rxf4 Qg5 (21...
Re8 22. Qd3 g6 23. c4 $14) 22. Qf3 $14 {White keeps the upper hand.} (22. Qd3
$14 {followed by Raf1, c4, is possible as well.})) ({notice that} 20... Re8 $4
21. Qh5 h6 22. Bxd6 $18 {loses immediately.}) 21. c4 ({White is continuing to
play energetically creating immediate threats.} 21. Qd2 Bxf4 22. Qxf4 $14 {
followed by c4 was possible as well.}) 21... bxc4 22. bxc4 Bxf4 $6 ({But this
text move is a serious mistake.} 22... Rb8 23. c5 Bb5 24. Qg4 Bxf4 25. Rxf4 $16
{was not solving Black's problems either.}) ({But} 22... f5 $1 {gaining the
space on the kingside and taking the key square e4 under the control was
strictly necessary. As the following variations indicate White is only
slightly better.} 23. c5 (23. Bd3 Bxf4 24. Rxf4 Re8 25. Qf2 (25. Qd2 g5 26. Rf2
f4 27. Ne2 $13) 25... g5 26. Rd4 f4 27. Nf1 Qf6 $13) (23. Rab1 $5) 23... Bb5
24. Bd3 Re8 25. Qc2 Bxf4 26. Rxf4 Qg5 27. Raf1 $14) 23. Rxf4 Qg5 24. Qf2 c5 ({
Moving the either rook to b8 can only temporarily stop the advance c4-c5.} 
24... Rab8 25. Bb3 $16 (25. c5 Rb2 $132)) (24... Rfb8 25. Bb3 $16) 25. Rf1 Qe5
{Tactically defending the c5-pawn.} 26. Bd3 (26. Bb3 Rac8 27. Rf6 Kg7 28. Qf4
Qxf4 29. R1xf4 $16 {is a similar continuation to the game with the difference
that the bishop is on b3 instead of d3. During the game I wanted to have my
bishop controlling the f5-square.}) (26. Qxc5 Rac8 27. Qa7 Bb5 (27... Rxc4 28.
Rxc4 Nxc4 29. Qxd7 Ne3 30. Rf2 $18) 28. cxb5 Rxc2 29. bxa6 Qxd5 $14 {gives
Black good counter-chances.}) 26... Rac8 27. Rf6 {Planning to exchange the
queens by Qf4 besides threatening to win the piece by Rf1-e1.} Kg7 (27... Ba4
28. Qf4 Qxf4 29. R1xf4 Rfd8 30. Ne4 Nxe4 31. Bxe4 $18) 28. Qf4 Qxf4 29. R1xf4 {
Now White wins at least a pawn.} Bf5 ({Or} 29... Nf5 30. Ne4 $18 (30. Bxf5 Bxf5
31. Rxa6 $18)) 30. Nxf5+ Nxf5 ({After} 30... Kxf6 31. Nxd6+ Ke5 32. Nxc8 Kxf4
33. Na7 $18 {two white pieces are stronger than the rook and should decide the
outcome of the game in his favour.} ({or} 33. Nb6 $18)) 31. Rxa6 Nd4 32. Ra7 $1
{A very important move preventing the activation of the black rooks.} Rce8 (
32... Ra8 $2 33. Rfxf7+ $18 {loses immediately.}) 33. Rc7 ({Putting the king
on the f-file is wrong after} 33. Kf2 $2 Ra8 $14) 33... Re1+ 34. Rf1 (34. Kf2
Rd1) 34... Rxf1+ (34... Re3 {loses due to} 35. Bb1 $18) 35. Bxf1 Ra8 36. Rxc5
Rxa2 {During the game I thought that this ending is an easy win for that but
it turns out that White has serious technical problems here. The main problem
is that he cannot allow the exchange of his passed pawns c4 and d5 for the
knight. The resulting ending is a draw!} 37. Rc8 ({It is not so easy to make
progress after} 37. d6 Ne6 38. Rd5 Kf8 $16) 37... Nf5 38. Bd3 ({It took me a
lot of time to evaluate the consequences of the direct} 38. c5 {but during the
game I failed to find a forced win which I still cannot find now.} Rd2 39. d6 (
39. Rd8 Rc2 {should be a draw. E.g.} 40. c6 Ne3 41. d6 Rxc6 42. d7 Rd6 43. Re8
Nxf1 (43... Rxd7 44. Rxe3 $14) 44. d8=Q Rxd8 45. Rxd8 Ne3 $14) 39... Ne3 (39...
Nxd6 {loses after} 40. Rd8 ({not} 40. cxd6 Rxd6 $14 {with a draw}) 40... Ne4
41. Rxd2 Nxd2 42. c6 Ne4 43. c7 Nd6 44. Ba6 f5 45. c8=Q Nxc8 46. Bxc8 Kf6 47.
Kf2 Ke5 $18) 40. Re8 Nf5 41. Bb5 Nxd6 42. Rd8 Rb2 43. Bd3 Nb7 (43... Nf5 44. c6
Ne7 45. c7 $18) 44. c6 Nc5 $16 {and using tactical tricks Black is, probably,
surviving.}) 38... Nh4 $8 ({The only move. Nikolic defends a difficult
position very well.} 38... Ne3 {loses after} 39. Re8 $1 Nxg2 40. d6 Rd2 41. d7
Rxd3 42. d8=Q Rxd8 43. Rxd8 $18 {and the passed pawn c4 is not stoppable.}) 39.
d6 ({During the course of the game and immediately after I thought that my
text move was not accurate and that} 39. Be4 {would win easily but now I am
not sure... After} f5 40. Bf3 Rd2 $16 {Black can still hold for a long time.})
39... Rxg2+ 40. Kf1 Rd2 41. d7 Nf3 $1 ({An incredible defending resource
missed by me on playing 38.Bd3. White cannot queen his pawn because of the
perpetual check.} 41... Rxd3 42. d8=Q Rxd8 43. Rxd8 $18 {loses without a fight.
}) 42. Be4 (42. Rg8+ Kh6 {doesn't help. So I have to give up the passed pawn
d7.}) (42. d8=Q Nxh2+ $11) 42... Nxh2+ 43. Kg1 Rxd7 44. Kxh2 {The ending which
has arisen should be winning for White, he has a very strong passed pawn on c4.
But Black can get counter-chances quickly pushing his kingside pawns. Luckily
for me, Nikolic was already exhausted by difficult defence at the present game
and two long-lasting games in the 7th and 8th rounds, so he was not able to
put up good resistance here and I won without too many problems.} Rd2+ ({
During the game I worried much about} 44... f5 {although White wins after} 45.
Bg2 (45. Bd5 g5 $16) 45... f4 46. c5 g5 47. c6 Rd2 48. Kg1 Rd1+ 49. Kf2 Rd2+
50. Kf1 g4 51. Rb8 Rc2 52. Rb4 Rc1+ 53. Kf2 Rc2+ 54. Kg1 Rc1+ 55. Kh2 $18) 45.
Kg3 ({It turns out that} 45. Bg2 f5 46. Rc7+ Kh6 47. c5 f4 48. Kg1 g5 49. Be4
g4 50. c6 $18 {wins by force.}) 45... f5 46. Bd5 {I wanted to centralise my
bishop on d5 and try to move my king towards the pawn to try to advance it.}
Kf6 $6 ({A waste of time. As was correctly said a long-time ago the passed
pawns should move.} 46... g5 {immediately, was necessary.}) 47. Kf4 Rd4+ $6 ({
Another loss of time. Here again} 47... g5+ 48. Ke3 Rh2 $16 {was better than
the text.}) 48. Ke3 Rd1 49. Bf3 Ra1 50. c5 {White has won several tempi as a
result of Black's mistakes on the previous moves.} Ra3+ 51. Ke2 Ke5 $6 (51...
Ra2+ 52. Kd1 Ke5 53. c6 Ra7 54. Rd8 Ke6 55. Bd5+ Ke7 $16 {was more stubborn.})
52. c6 $6 ({In my turn I miss the opportunity to finish the game immediately by
} 52. Re8+ $142 Kf4 53. Bb7 $18 {and the pawn is unstoppable after c6, Re7, c7.
}) 52... Kf4 $6 (52... Ra2+ 53. Kd1 Ra7 54. Rd8 Ke6 55. Bd5+ Ke7 $16 {was the
last chance to defend.}) 53. Bd5 g5 54. Rd8 {Now Black cannot prevent Rd7, c7,
Bb7 with an easy win for White. Black's king on f4 stopped the advance of its
own pawns.} 1-0

[Event "Lee Cup 4th"]
[Site "Beijing"]
[Date "1997.08.23"]
[Round "1"]
[White "Zhang, Pengxiang"]
[Black "Peng, Xiaomin"]
[Result "0-1"]
[WhiteElo "2360"]
[BlackElo "2530"]
[Annotator "Wedberg,T"]
[PlyCount "70"]
[EventDate "1997.08.23"]
[EventType "swiss"]
[EventRounds "11"]
[EventCountry "CHN"]
[SourceTitle "CBM 061"]
[Source "ChessBase"]
[SourceDate "1997.11.23"]
[SourceVersion "1"]
[SourceVersionDate "1997.11.23"]
[SourceQuality "1"]

{This game has everything. White starts off with an early f7 assault, gaining
a clear advantage. But Black fights back with an incorrect Bxh2+ sacrifice,
winning nicely after White had missed the refutation.} 1. e4 e5 2. Nf3 Nc6 3.
Bb5 a6 4. Ba4 Nf6 5. d3 b5 6. Bb3 d6 7. a4 (7. c3 Be7 8. Nbd2 O-O 9. Nf1 Na5
10. Bc2 c5 11. Ng3 (11. h3 Re8 12. g4 d5 13. g5 Nd7 14. Ng3 Bb7 15. Qe2 c4 $17
{0-1 Ruxton,K-Hebden,M/BCF-ch 1989/CBM 15 (37)}) 11... Re8 12. O-O h6 13. d4
cxd4 14. cxd4 exd4 15. Nxd4 $13 {Bronstein,D-Hebden,M/London NWYM 1989/EXT 89/
0-1 (31)}) 7... Na5 (7... Bg4 8. c3 Be7 9. h3 Be6 10. Bxe6 fxe6 11. Qb3 $14 {
Von Scheve,T-Perlis,J/Ostende-B 1907/HCL 10/0-1 (34)}) 8. Ba2 b4 9. c3 bxc3 10.
Ng5 $5 d5 $2 (10... cxb2 11. Bxb2 d5 12. O-O $13) 11. Nxc3 $36 Bb7 (11... h6
12. Nf3 $16) 12. O-O h6 13. Nf3 Bd6 14. Nxd5 Bxd5 15. exd5 O-O 16. d4 e4 17.
Ne5 Rb8 18. Qc2 $16 Rb4 $5 {Black goes for tactics in a clearly worse position.
His biggest problem is the N on a5.} (18... Bxe5 19. dxe5 Nxd5 20. Qxe4 Nb3 21.
Bxb3 Rxb3 22. Qc4 $16) 19. Bd2 $1 (19. Be3 $16) 19... Rxd4 20. Bxa5 Bxe5 21.
Bc3 Bxh2+ $2 {This standard sacrifice is not correct here.} (21... Qd6 $142)
22. Kxh2 Ng4+ 23. Kg1 Qh4 24. Rfe1 e3 (24... Qh2+ 25. Kf1 Rd3 26. Rxe4 Qh1+ 27.
Ke2 Rxc3 28. bxc3 Qxa1 29. Rxg4 $18) (24... Rxa4 25. Be5 Rxa2 26. Rxa2 Nxe5 27.
Qxe4 $18) 25. Rxe3 $4 (25. Bxd4 $1 {Eat and prosper} Qh2+ (25... e2 {Looks
devastating, but White has a resource.} 26. Qxc7 $1 $18) 26. Kf1 Qh1+ 27. Ke2
Qxg2 28. Bxe3 Re8 29. Kd3 $18) 25... Qh2+ 26. Kf1 Rf4 27. Rae1 (27. Ree1 Qh1+
28. Ke2 Rxf2+ 29. Kd3 Qxg2 30. Qc1 Rd8 $40) 27... Qh1+ 28. Ke2 Qxg2 29. Qb1
Nxe3 30. Kxe3 Re8+ 31. Kd3 Qg6+ 32. Kd2 Rxf2+ 33. Kd1 Qg4+ 34. Kc1 Qf4+ 35. Kd1
Qf3+ 0-1

[Event "FIDE-Wch k.o."]
[Site "Groningen"]
[Date "1997.12.15"]
[Round "3.2"]
[White "Tiviakov, Sergei"]
[Black "Adams, Michael"]
[Result "1/2-1/2"]
[WhiteElo "2590"]
[BlackElo "2680"]
[Annotator "Wedberg,T"]
[PlyCount "75"]
[EventDate "1997.12.09"]
[EventType "k.o."]
[EventRounds "7"]
[EventCountry "NED"]
[SourceTitle "CBM 063"]
[Source "ChessBase"]
[SourceDate "1998.03.26"]
[SourceVersion "1"]
[SourceVersionDate "1998.03.26"]
[SourceQuality "1"]

{A slow start followed by an exiting finish. Both players show their
resourcefulness.} 1. e4 e5 2. Nf3 Nc6 3. Bb5 a6 4. Ba4 Nf6 5. Qe2 b5 6. Bb3 Be7
7. c3 d5 8. d3 (8. exd5 Nxd5 9. Nxe5 Nxe5 10. Qxe5 Nf6 11. O-O O-O 12. d4 Bd6
13. Qg5 Re8 14. Na3 h6 15. Qg6 Be6 16. Qd3 Bxa3 17. bxa3 c5 18. Qd1 cxd4 19.
cxd4 Bc4 20. Bxc4 bxc4 $44 {Rodriguez,A-Sorin,A/Salta Clarin op 1995/EXT 95op2/
1/2-1/2 (58)}) 8... O-O 9. Bg5 dxe4 10. dxe4 Nd7 11. Be3 Na5 12. Bc2 Nc4 13.
Bc1 Bb7 14. Nbd2 Nxd2 15. Bxd2 c5 16. O-O Qc7 17. b3 Rfd8 18. a4 Bc6 19. Rfd1
h6 20. Be3 Qb7 21. Nd2 Nf6 22. f3 Rd7 23. c4 bxa4 $6 {This is not without risk,
since White is better placed to attack on the Q-side. Also the black Q becomes
a target.} (23... b4 24. Nf1 (24. Qf2 Rad8 25. Qg3 Nh5 26. Qxe5 $2 Bf6 $17)
24... Qc7 25. Ng3 $11 {Some attacking chances for White, but Black should be
OK.}) 24. Rdb1 $1 {A nice idea. White gives a P to create play against Blacks
Q-side.} (24. bxa4 Qb2 (24... Rad8) 25. Nb3 Rxd1+ 26. Bxd1 Qxe2 27. Bxe2 Nd7
28. Na5 Rc8 29. Nxc6 Rxc6 30. a5 $14) 24... axb3 (24... Rad8 25. bxa4 Qc7 26.
a5 $14) 25. Nxb3 $14 Qc7 26. Nxc5 Rdd8 27. Nxa6 Qc8 28. Bc5 $2 {This is met
with a strong Q sacrifice.} (28. Nc5 Bxc5 29. Bxc5 Bxe4 30. Bb6 Rxa1 31. Rxa1
Bxc2 32. Qxc2 $14) 28... Qxa6 $1 29. Bxe7 (29. Rxa6 $2 Bxc5+ 30. Kh1 Rxa6 $17)
29... Qxa1 30. Rxa1 Rxa1+ 31. Kf2 Rd7 32. Bb4 (32. Bxf6 $2 gxf6 33. Kg3 Ra2 34.
f4 h5 $1 $17) 32... Ra2 33. Ke3 Rd4 34. Bc5 Ng4+ {This is just a draw.} (34...
Bxe4 $5 {is a try to win} 35. fxe4 (35. Bxd4 $2 exd4+ 36. Kxd4 Rxc2 37. Qe1 Bg6
$17) 35... Rxe4+ 36. Bxe4 Rxe2+ 37. Kxe2 Nxe4 38. Bb4 f5 39. c5 Kf7 40. c6 Ke8
41. Kd3 $13 {The c6-P is strong.}) 35. fxg4 Rxe4+ 36. Bxe4 Rxe2+ 37. Kxe2 Bxe4
38. Kf2 1/2-1/2